[Event "Druzynowe Mistrzostwa Polski Juniorow - Ekstraliga 2021"]
[Site "Lublin"]
[Date "1899-12-30"]
[Round "1.1"]
[White "Owoc, Jakub"]
[Black "Luczak, Filip"]
[Result "0-1"]
[WhiteTitle "I"]
[BlackTitle "FM"]
[WhiteElo "1758"]
[BlackElo "2313"]

1. d4 d5 2. c4 e6 3. Nc3 Nf6 4. Bg5 Be7 5. Nf3 O-O 6. e3 h6 7. Bh4 Nbd7 8. cxd5
Nxd5 9. Bxe7 Qxe7 10. Qb3 Nxc3 11. bxc3 b6 12. Bd3 Bb7 13. O-O Rad8 14. Rad1 Bxf3
15. gxf3 Qh4 16. Kh1 Nf6 17. Qc2 Rd5 18. Rg1 c5 19. Rg2 Rc8 20. Qa4 cxd4 21. cxd4
Ra5 22. Qb3 Rg5 23. Rxg5 hxg5 24. Qb2 g4 25. Be2 Qxf2 26. fxg4 Nxg4 0-1

[Event "Druzynowe Mistrzostwa Polski Juniorow - Ekstraliga 2021"]
[Site "Lublin"]
[Date "1899-12-30"]
[Round "1.2"]
[White "Poltorak, Sebastian"]
[Black "Warchol, Bartosz"]
[Result "1-0"]
[WhiteTitle "k"]
[BlackTitle "I++"]
[WhiteElo "2181"]
[BlackElo "1965"]

1. e4 c5 2. Nc3 a6 3. g3 b5 4. Bg2 Bb7 5. d3 e6 6. Nge2 Nf6 7. O-O d6 8. h3 Be7
9. f4 Nc6 10. f5 O-O 11. Nf4 b4 12. Nce2 e5 13. Nd5 Nxd5 14. exd5 Nd4 15. Be4
Rc8 16. c3 Nxe2+ 17. Qxe2 Bg5 18. Bxg5 Qxg5 19. Kg2 bxc3 20. bxc3 c4 21. dxc4
a5 22. f6 g6 23. Bd3 e4 24. Qxe4 Qd2+ 25. Rf2 Qxc3 26. Qe3 Kh8 27. Rc1 Bxd5+ 28.
Kh2 Qa3 29. Re1 Be6 30. Qh6 Rg8 31. Re4 Rc5 32. Qxh7+ 1-0

[Event "Druzynowe Mistrzostwa Polski Juniorow - Ekstraliga 2021"]
[Site "Lublin"]
[Date "1899-12-30"]
[Round "1.3"]
[White "Malek, Jan"]
[Black "Meers, Hubert"]
[Result "1-0"]
[WhiteTitle "I++"]
[BlackTitle "k"]
[WhiteElo "2097"]
[BlackElo "1974"]

1. e4 c5 2. c3 Nf6 3. e5 Nd5 4. Bc4 Nb6 5. Bb3 Nc6 6. Nf3 d6 7. exd6 Qxd6 8. O-O
Bf5 9. d4 cxd4 10. cxd4 Bxb1 11. Rxb1 e6 12. Qe2 Be7 13. Qe4 Nd5 14. Bc2 Bf6 15.
Rd1 Ndb4 16. Bb3 Nd5 17. Ng5 g6 18. Rd3 h6 19. Nf3 O-O-O 20. Bd2 Ncb4 21. Rc1+
Kb8 22. Rdc3 g5 23. Rc4 Bg7 24. Ne5 Rhf8 25. Qe2 Bxe5 26. dxe5 Qb6 27. Rc5 a6
28. h4 Nf4 29. Qe3 Nbd3 30. Ba5 Qxa5 31. Rxa5 Nxc1 32. Kh2 Nxb3 33. axb3 Rd3 34.
Qb6 Rg8 35. h5 Nd5 36. Qd6+ Ka7 37. b4 g4 38. Qc5+ b6 39. Qc4 g3+ 40. fxg3 Nxb4
41. Qc7+ Ka8 42. Qxb6 Rdxg3 43. Qxb4 Rxg2+ 44. Kh3 R2g3+ 45. Kh4 Ka7 46. Rc5 1-0

[Event "Druzynowe Mistrzostwa Polski Juniorow - Ekstraliga 2021"]
[Site "Lublin"]
[Date "1899-12-30"]
[Round "1.4"]
[White "Dziewonski, Dariusz"]
[Black "Wydmanski, Szymon"]
[Result "1/2-1/2"]
[WhiteTitle "I++"]
[BlackTitle "I"]
[WhiteElo "1963"]
[BlackElo "1697"]

1. e4 c5 2. Nf3 d6 3. d4 cxd4 4. Nxd4 Nf6 5. Nc3 a6 6. Be2 e5 7. Nb3 Be7 8. Bg5
Nbd7 9. a4 O-O 10. a5 b5 11. axb6 Nxb6 12. O-O Qc7 13. Qd2 Rd8 14. Bxf6 Bxf6 15.
Nd5 Nxd5 16. exd5 Bf5 17. c4 Rdb8 18. Na5 e4 19. Ra2 Qb6 20. b3 Re8 21. b4 Bd7
22. Rd1 e3 23. fxe3 Bg5 24. Kh1 Rxe3 25. Bf3 Rae8 26. Nc6 Bxc6 27. dxc6 Rxf3 28.
Qxg5 Qxc6 29. Qd5 Qxd5 30. cxd5 Rd3 31. Rc1 Rxd5 32. Rxa6 Rb5 33. Rxd6 Rxb4 34.
h3 Rb7 35. Rd2 g6 36. Kh2 Re3 37. Ra1 Kg7 38. Rad1 g5 39. Rf1 Re6 40. Rdf2 Kg6
1/2-1/2

[Event "Druzynowe Mistrzostwa Polski Juniorow - Ekstraliga 2021"]
[Site "Lublin"]
[Date "1899-12-30"]
[Round "1.5"]
[White "Dylag, Emilia"]
[Black "Zabrzanska, Weronika"]
[Result "1-0"]
[WhiteTitle "WFM"]
[BlackTitle "k"]
[WhiteElo "2116"]
[BlackElo "1976"]

1. d4 Nf6 2. c4 e6 3. Nf3 d5 4. g3 Be7 5. Bg2 O-O 6. O-O dxc4 7. Qc2 a6 8. a4 Nbd7
9. Nbd2 c5 10. dxc5 Bxc5 11. Qxc4 b5 12. Qd3 Bb7 13. axb5 axb5 14. Rxa8 Qxa8 15.
Ne1 Bxg2 16. Nxg2 Qc6 17. Nb3 Qb6 18. Ne3 Rc8 19. Bd2 Qd6 20. Nxc5 Qxc5 21. Rc1
Qf8 22. Rxc8 Qxc8 23. Qxb5 Ne4 24. Ba5 Ndf6 25. Qc4 Qb7 26. f3 Nd6 27. Qc7 Qxc7
28. Bxc7 Nb5 29. Ba5 Kf8 30. Kf2 Nd7 31. Bb4+ Ke8 32. Nc4 Nb8 33. Nd6+ Nxd6 34.
Bxd6 Nc6 35. Bc5 Na5 36. Bd4 f6 37. Bc3 Nb7 38. Ke3 Kd7 39. Kd3 Kc6 40. Bb4 Nd8
41. Bf8 Nf7 42. Bxg7 Ne5+ 43. Kc3 Nd7 44. g4 Kc5 45. h4 Kb5 46. Kd4 Kc6 47. g5
fxg5 48. hxg5 Kd6 49. Ke4 Nc5+ 50. Kf4 Nd7 51. Kg4 e5 52. Kh5 Ke6 53. e4 Kf7 54.
Kh6 1-0

[Event "Druzynowe Mistrzostwa Polski Juniorow - Ekstraliga 2021"]
[Site "Lublin"]
[Date "1899-12-30"]
[Round "1.6"]
[White "Tokarz, Izabela"]
[Black "Szopa, Emilia"]
[Result "0-1"]
[WhiteTitle "I++"]
[BlackTitle "I++"]
[WhiteElo "1621"]
[BlackElo "1688"]

1. d4 Nf6 2. c4 g6 3. Nc3 Bg7 4. e4 d6 5. f3 O-O 6. Be3 c5 7. d5 e6 8. Nge2 exd5
9. exd5 Re8 10. Qd2 Nbd7 11. O-O-O Ne5 12. Ng3 a6 13. Bg5 b5 14. cxb5 c4 15. h3
Qc7 16. Bxf6 Bxf6 17. Nge4 Bg7 18. f4 Nd3+ 19. Bxd3 cxd3 20. Rhe1 Bf5 21. Ng3
Rxe1 22. Rxe1 axb5 23. Nxf5 gxf5 24. Kb1 b4 25. Nd1 Qc4 26. a3 bxa3 27. Ne3 Qb3
28. Nxf5 axb2 29. Re8+ Rxe8 30. Nxg7 Re1+ 31. Qxe1 Qc2+ 32. Ka2 b1=R+ 0-1

[Event "Druzynowe Mistrzostwa Polski Juniorow - Ekstraliga 2021"]
[Site "Lublin"]
[Date "1899-12-30"]
[Round "1.7"]
[White "Dzida, Kamil"]
[Black "Teclaf, Pawel"]
[Result "0-1"]
[WhiteTitle "k+"]
[BlackTitle "IM"]
[WhiteElo "2204"]
[BlackElo "2514"]

1. e4 c6 2. d4 d5 3. Nc3 dxe4 4. Nxe4 Bf5 5. Ng3 Bg6 6. h4 h6 7. Nf3 Nd7 8. h5
Bh7 9. Bd3 Bxd3 10. Qxd3 e6 11. Bf4 Qa5+ 12. Bd2 Qb6 13. O-O-O Ngf6 14. Ne4 Nxe4
15. Qxe4 Nf6 16. Qe2 Rd8 17. c4 Bb4 18. Be3 Qa5 19. a3 Bd6 20. Ne5 O-O 21. g4
Bxe5 22. Bd2 Qa6 23. dxe5 Rd4 24. Kb1 Rxc4 25. Rhe1 Ne4 26. Bc1 Qb5 27. Ka2 Nc5
28. g5 hxg5 29. Bxg5 Qb3+ 30. Kb1 Ne4 31. Rd3 Rc3 32. Re3 Rxe3 33. Qxe3 Qxe3 34.
Bxe3 Rd8 35. Bxa7 Nd2+ 36. Kc1 Rd5 37. Rd1 Nf3 38. Rxd5 exd5 39. Bb8 Kf8 40. Kd1
Ke7 41. Ke2 Ng5 42. Bd6+ Ke6 43. Ke3 Kf5 44. Bf8 Kg4 45. Bxg7 Kxh5 46. Bf6 Ne6
47. Kf3 Nc5 48. b4 Ne4 49. Be7 Kg6 50. Bd8 Kf5 51. a4 Kxe5 52. b5 d4 53. bxc6
bxc6 54. a5 Nc5 55. Bb6 Na6 56. Ke2 Kd5 57. Kd3 c5 58. Bd8 Nb4+ 59. Ke2 c4 60.
Be7 Na6 61. f3 c3 62. Kd3 Nc5+ 63. Kc2 Kc4 64. Bg5 Kb4 65. Be7 d3+ 66. Kd1 Kc4
67. Bg5 Kb5 68. Be3 Nb3 0-1

[Event "Druzynowe Mistrzostwa Polski Juniorow - Ekstraliga 2021"]
[Site "Lublin"]
[Date "1899-12-30"]
[Round "1.8"]
[White "Niedbala, Bartlomiej"]
[Black "Koziorowicz, Michal"]
[Result "1/2-1/2"]
[WhiteTitle "FM"]
[BlackTitle "k+"]
[WhiteElo "2360"]
[BlackElo "2122"]

1. e4 c5 2. Nf3 e6 3. d4 cxd4 4. Nxd4 Nc6 5. Nc3 a6 6. Nxc6 bxc6 7. Bd3 d5 8. O-O
Nf6 9. Re1 Be7 10. Bf4 Qa5 11. e5 Nd7 12. Qg4 Kf8 13. a3 c5 14. Bg5 Qd8 15. Bxe7+
Qxe7 16. b4 h5 17. Qf4 g5 18. Qd2 cxb4 19. axb4 Qxb4 20. Rab1 Qf4 21. Qe2 Nc5
22. Na2 a5 23. g3 Qg4 24. Qd2 Nxd3 25. cxd3 h4 26. d4 hxg3 27. fxg3 Ba6 28. Nc3
Rh4 29. Qf2 Rh6 30. Na4 Bd3 31. Rb7 Qf5 32. Qxf5 Bxf5 33. Nb6 Rd8 34. Ra1 Kg7
35. Rxa5 Rhh8 36. Raa7 Bg6 37. Kg2 g4 38. Kg1 Rb8 39. Kg2 Rxb7 40. Rxb7 Kh6 41.
Nd7 Ra8 42. Rb2 Ra4 43. Rd2 Be4+ 44. Kf2 Ra3 45. Nf6 Rf3+ 46. Ke2 Kg5 47. Ke1
Ra3 48. Rd1 Re3+ 49. Kf2 Rf3+ 50. Kg1 Ra3 51. Rd2 Bf3 52. Kf1 Kf5 53. Kf2 Rb3
54. Nh5 Be4 55. Nf6 Rb1 56. Ke3 Rb3+ 57. Kf2 Bf3 58. Nh5 Kg6 59. Nf6 Kg5 60. Nh7+
Kf5 61. Nf6 Be4 62. Kg1 Rb1+ 63. Kf2 Rh1 64. Ke3 Bf3 65. Kd3 Re1 66. Rf2 Kg5 67.
Nh7+ Kg6 68. Nf6 Ra1 69. Ke3 Kf5 70. Rd2 Rf1 71. Rb2 Re1+ 72. Kf2 Rh1 73. Ke3
Ra1 74. Rd2 Re1+ 75. Ke4+ Kxe5+ 1/2-1/2

[Event "Druzynowe Mistrzostwa Polski Juniorow - Ekstraliga 2021"]
[Site "Lublin"]
[Date "1899-12-30"]
[Round "1.9"]
[White "Klimkowski, Jan"]
[Black "Warchol, Kamil"]
[Result "1/2-1/2"]
[WhiteTitle "FM"]
[BlackTitle "CM"]
[WhiteElo "2322"]
[BlackElo "2126"]

1. e4 d6 2. d4 Nf6 3. Nc3 e5 4. Nf3 Nbd7 5. Rg1 c6 6. g4 h6 7. Be3 Qa5 8. Qd2 b5
9. Bd3 b4 10. Ne2 d5 11. Nxe5 dxe4 12. Bc4 Nxe5 13. dxe5 Qxe5 14. O-O-O Be6 15.
g5 Nd5 16. Nf4 O-O-O 17. gxh6 Rg8 18. Ba6+ Kc7 19. Rg5 Qf6 20. Nh5 Qxh6 21. Qd4
c5 22. Qxe4 f5 23. Qg2 Rd6 24. Rxf5 g5 25. Nf6 Bxf5 26. Nxd5+ Kd8 27. Bxc5 g4+
28. Rd2 Qh3 29. Qxh3 gxh3 30. Bxd6 Rg1+ 31. Rd1 Rxd1+ 32. Kxd1 Bxd6 33. Ne3 Be4
34. Nf1 Be5 35. b3 Kc7 36. Ng3 Bg2 37. Ke2 Kb6 38. Bc8 Kc5 39. Ke3 Bd4+ 40. Ke2
Be5 41. Kd3 Bd4 42. Ne4+ Bxe4+ 43. Kxe4 Bxf2 44. Kf3 Bd4 45. Bxh3 Be5 46. Kg2
Kd4 47. Bf5 Ke3 48. h4 Kf4 49. Bg6 Bf6 50. h5 Bg5 51. Kf2 Ke5 52. Kf3 Bh6 53.
Ke2 Kd4 54. c4 bxc3 55. Kd1 a5 56. Kc2 Bf8 57. Bf5 1/2-1/2

[Event "Druzynowe Mistrzostwa Polski Juniorow - Ekstraliga 2021"]
[Site "Lublin"]
[Date "1899-12-30"]
[Round "1.10"]
[White "Herwy, Jakub"]
[Black "Rog, Bartlomiej"]
[Result "1/2-1/2"]
[WhiteTitle "I+"]
[BlackTitle "I++"]
[WhiteElo "1907"]
[BlackElo "1872"]

1. e4 d6 2. Nc3 c5 3. f4 a6 4. a4 Nc6 5. Nf3 g6 6. Be2 Bg7 7. d3 Nf6 8. O-O Rb8
9. Kh1 b5 10. Qe1 b4 11. Nd1 d5 12. e5 Ng4 13. Nf2 Nh6 14. Be3 Qa5 15. Nd2 d4
16. Nc4 Qc7 17. Bd2 O-O 18. Bf3 Na5 19. Nxa5 Qxa5 20. b3 Qb6 21. Qe2 f6 22. exf6
exf6 23. Rae1 Kh8 24. Nd1 Nf5 25. Nb2 Nd6 26. Kg1 Bf5 27. Bd5 Rbe8 28. Qf3 Qc7
29. h3 Bd7 30. Rxe8 Rxe8 31. Re1 Rxe1+ 32. Bxe1 Nf5 33. Nc4 Nd6 34. Nd2 Nf5 35.
Nc4 Bh6 36. Bd2 Nd6 37. g4 Nxc4 38. Bxc4 Bc6 39. Qf2 a5 40. g5 Bg7 41. Qe2 Qd7
42. Qe6 Qxe6 43. Bxe6 f5 1/2-1/2

[Event "Druzynowe Mistrzostwa Polski Juniorow - Ekstraliga 2021"]
[Site "Lublin"]
[Date "1899-12-30"]
[Round "1.11"]
[White "Siekanska, Zuzanna"]
[Black "Adamczyk, Zuzanna"]
[Result "0-1"]
[WhiteTitle "I++"]
[BlackTitle "WCM"]
[WhiteElo "1783"]
[BlackElo "1921"]

1. d4 d5 2. c4 e6 3. Nc3 c5 4. cxd5 exd5 5. Nf3 Nc6 6. g3 Nf6 7. Bg2 cxd4 8. Nxd4
Bc5 9. Nxc6 bxc6 10. O-O O-O 11. Na4 Bb6 12. Bg5 h6 13. Nxb6 axb6 14. Bxf6 Qxf6
15. Qb3 Ba6 16. Rfc1 Bxe2 17. Qxb6 Bc4 18. b3 Rfb8 19. Qc5 Rxb3 20. axb3 Rxa1
21. Qe3 Rxc1+ 22. Qxc1 Bxb3 23. h4 Bc4 24. Qe3 Qe6 25. Qb6 Qd6 26. Qb7 c5 27.
h5 Qe5 28. Qc8+ Kh7 29. Qxc5 Qxh5 30. Be4+ f5 31. Bc2 Qf3 32. Qd4 Kg8 33. Qe5
Bd3 34. Qc3 Be4 35. Qxf3 Bxf3 36. Bxf5 Kf7 37. Kf1 Kf6 38. Bd3 Ke5 39. Ke1 g5
40. Kd2 Kd4 41. Bf5 h5 42. Bh3 Ke4 43. Bf1 h4 44. gxh4 gxh4 45. Kc3 Bh1 46. Kd2
Kf3 47. Ke1 Bg2 48. Bb5 h3 49. Be2+ Kf4 0-1

[Event "Druzynowe Mistrzostwa Polski Juniorow - Ekstraliga 2021"]
[Site "Lublin"]
[Date "1899-12-30"]
[Round "1.12"]
[White "Salamon, Julia"]
[Black "Siekanska, Maria"]
[Result "1-0"]
[WhiteTitle "I+"]
[BlackTitle "k"]
[WhiteElo "1504"]
[BlackElo "1903"]

1. d4 Nf6 2. c4 e6 3. Nc3 Bb4 4. Nf3 O-O 5. e3 b6 6. Bd3 Bb7 7. O-O Bxc3 8. bxc3
d6 9. Re1 Ne4 10. Qc2 f5 11. Bb2 Nd7 12. Rad1 Qf6 13. Qe2 Rad8 14. Nd2 Nxd2 15.
Rxd2 e5 16. e4 f4 17. f3 Ba6 18. Red1 Qf7 19. Ba3 c5 20. d5 g5 21. Rf1 Nf6 22.
g3 fxg3 23. hxg3 Bc8 24. Qh2 h5 25. Rdf2 Qg6 26. Qg2 Kh7 27. Bc1 Rg8 28. Bc2 Kh8
29. a3 Rg7 30. Be3 Rdg8 31. Kh1 Rh7 32. Kg1 Qe8 33. a4 Bd7 34. Ra1 Qc8 35. Qf1
h4 36. g4 h3 37. Bd1 Bxg4 38. fxg4 Nxg4 39. Rf3 Nxe3 40. Rxe3 Rh6 41. Kh2 g4 42.
Ra2 Qd7 43. Rg3 Rhg6 44. Rf2 R8g7 45. Rf8+ Rg8 46. Rf7 Qd8 47. Rxg4 Rxg4 48. Bxg4
Qh4 49. Bxh3 1-0

[Event "Druzynowe Mistrzostwa Polski Juniorow - Ekstraliga 2021"]
[Site "Lublin"]
[Date "1899-12-30"]
[Round "1.13"]
[White "Baum, Jonasz"]
[Black "Panek, Bartosz"]
[Result "1-0"]
[WhiteTitle "IM"]
[BlackTitle "I+"]
[WhiteElo "2260"]
[BlackElo "1878"]

1. d4 Nf6 2. c4 g6 3. f3 d5 4. cxd5 c6 5. e4 cxd5 6. e5 Nfd7 7. Nc3 Nb6 8. h4 h5
9. Bd3 Nc6 10. Nge2 Be6 11. Nf4 Qd7 12. Nxe6 Qxe6 13. Ne2 O-O-O 14. Nf4 Qd7 15.
e6 fxe6 16. Nxg6 Rg8 17. Bf4 Bg7 18. Rc1 Bxd4 19. Rxc6+ 1-0

[Event "Druzynowe Mistrzostwa Polski Juniorow - Ekstraliga 2021"]
[Site "Lublin"]
[Date "1899-12-30"]
[Round "1.14"]
[White "Piechota, Kamil"]
[Black "Malicka, Maria"]
[Result "0-1"]
[WhiteTitle "I"]
[BlackTitle "FM"]
[WhiteElo "1649"]
[BlackElo "2272"]

1. e4 c6 2. d4 d5 3. exd5 cxd5 4. Bd3 Nc6 5. c3 Nf6 6. h3 g6 7. Nf3 Bf5 8. Bf4
Bxd3 9. Qxd3 Bg7 10. Nbd2 O-O 11. O-O a6 12. Ne5 Nd7 13. Ndf3 f6 14. Ng4 e6 15.
Bd6 Re8 16. Qe3 Nf8 17. Bc5 b6 18. Ba3 Ra7 19. Rfe1 h5 20. Ngh2 Kh7 21. g4 Bh6
22. Qd3 f5 23. gxh5 gxh5 24. Bxf8 Bxf8 25. Ne5 Nxe5 26. Rxe5 Rg7+ 27. Kf1 Bd6
28. Nf3 Bxe5 29. Nxe5 Reg8 30. Qf3 Qh4 31. Ke2 Qe4+ 32. Qxe4 fxe4 33. Rh1 b5 34.
Nc6 Kg6 35. Rg1+ Kf6 36. Rxg7 Rxg7 37. Nb4 a5 38. Nc6 a4 39. Nd8 Rc7 0-1

[Event "Druzynowe Mistrzostwa Polski Juniorow - Ekstraliga 2021"]
[Site "Lublin"]
[Date "1899-12-30"]
[Round "1.15"]
[White "Janeczko, Jakub"]
[Black "Kubik, Rafal"]
[Result "1-0"]
[WhiteTitle "I++"]
[BlackTitle "I"]
[WhiteElo "1918"]
[BlackElo "1761"]

1. e4 e5 2. Nf3 Nc6 3. Bc4 Bc5 4. O-O Nf6 5. d3 O-O 6. Bb3 a5 7. c3 d5 8. Nbd2
Bg4 9. h3 Bh5 10. a4 Re8 11. Qe2 dxe4 12. dxe4 Qe7 13. Re1 Rad8 14. Nf1 Bg6 15.
Ng3 Nh5 16. Nxh5 Bxh5 17. g4 Bg6 18. Bg5 Qd7 19. Rad1 Qc8 20. Bxd8 Nxd8 21. Qb5
1-0

[Event "Druzynowe Mistrzostwa Polski Juniorow - Ekstraliga 2021"]
[Site "Lublin"]
[Date "1899-12-30"]
[Round "1.16"]
[White "Karwot, Marek"]
[Black "Mulawa, Cyprian"]
[Result "0-1"]
[WhiteTitle "II"]
[BlackTitle "I"]
[WhiteElo "1395"]
[BlackElo "1989"]

1. e4 c5 2. Nf3 Nc6 3. Bb5 g6 4. Bxc6 bxc6 5. d4 cxd4 6. Qxd4 f6 7. e5 Bg7 8. Bf4
Qb6 9. Qc3 fxe5 10. Bxe5 Nf6 11. Bd4 Qc7 12. O-O O-O 13. Re1 d6 14. Qb3+ Kh8 15.
c4 e5 16. Be3 Bf5 17. Nbd2 Rfe8 18. Nh4 Be6 19. f4 exf4 20. Bxf4 Nh5 21. Bg3 Rab8
22. Qd3 Nxg3 23. hxg3 Bxb2 24. Rad1 d5 25. cxd5 Bxd5 26. Rxe8+ Rxe8 27. Qc2 Bd4+
28. Kh2 Be5 29. Nf1 Rf8 30. Qc5 Kg7 31. Qe3 Bf6 32. Nf3 Bxa2 33. Nd4 Rd8 34. Rd2
Bd5 35. Ne6+ Bxe6 36. Qxe6 c5 37. Rxd8 Qxd8 38. Ne3 Qe7 39. Qb3 Bd4 40. Nd5 Qf7
41. Qc4 a5 42. Qb3 a4 43. Qc4 a3 44. Qb3 h5 45. Qc4 Qf2 46. Qb3 Qg1+ 47. Kh3 Qh1#
0-1

[Event "Druzynowe Mistrzostwa Polski Juniorow - Ekstraliga 2021"]
[Site "Lublin"]
[Date "1899-12-30"]
[Round "1.17"]
[White "Rejniak, Zuzanna"]
[Black "Bugaj, Hanna"]
[Result "1/2-1/2"]
[WhiteTitle "k"]
[BlackTitle "I++"]
[WhiteElo "1754"]
[BlackElo "1769"]

1. e4 e6 2. d4 d5 3. Nc3 Nf6 4. Bg5 dxe4 5. Nxe4 Be7 6. Bxf6 gxf6 7. Nf3 f5 8.
Ned2 a6 9. Nc4 b5 10. Nce5 Bb7 11. a4 c6 12. Bd3 Nd7 13. Nxd7 Qxd7 14. Qe2 O-O
15. Rd1 Qc7 16. O-O bxa4 17. Rfe1 Bf6 18. Ra1 c5 19. Rxa4 cxd4 20. Rea1 a5 21.
Nxd4 Kh8 22. c3 Rg8 23. f3 Qb6 24. Kh1 Rg7 25. b4 Rag8 26. bxa5 Qd8 27. a6 Ba8
28. a7 Rg6 29. Rb4 Qd5 30. Rb8 Bxd4 31. cxd4 Qxd4 32. Qb2 Qxb2 33. Rxb2 Rd8 34.
Rb8 Rgg8 35. Rab1 Rxd3 36. Rxg8+ Kxg8 37. Rb8+ Kg7 38. h3 Bd5 39. a8=Q Bxa8 40.
Rxa8 h6 41. Kh2 f6 42. Kg3 Rd4 43. f4 e5 44. fxe5 fxe5 45. Ra6 h5 46. Re6 h4+
47. Kf3 Rd3+ 48. Kf2 e4 49. Ra6 Rg3 50. Re6 Rg6 51. Re8 Kf6 52. Rh8 Kg5 53. Ke3
Rd6 54. Rg8+ Rg6 55. Rh8 Kf6 56. Kf2 Kg5 57. Ke3 Rh6 58. Rf8 Rd6 59. Rg8+ Rg6
60. Rh8 Kf6 61. Kf2 Ke5 62. Rxh4 f4 63. Rh8 e3+ 64. Kf1 Ke4 65. Re8+ Kf5 66. Rf8+
Ke4 67. Re8+ Kf5 68. Rf8+ Ke5 1/2-1/2

[Event "Druzynowe Mistrzostwa Polski Juniorow - Ekstraliga 2021"]
[Site "Lublin"]
[Date "1899-12-30"]
[Round "1.18"]
[White "Sprzeczka, Emilia"]
[Black "Pastuszko, Katarzyna"]
[Result "1-0"]
[WhiteTitle "I"]
[BlackTitle "I++"]
[WhiteElo "1431"]
[BlackElo "1503"]

1. e4 e5 2. Nf3 Nc6 3. d4 exd4 4. Nxd4 Bc5 5. Nxc6 Qf6 6. Qf3 Qxc6 7. Nc3 Ne7 8.
Be3 Bb4 9. Bd4 O-O 10. O-O-O f5 11. Qg3 Qh6+ 12. Kb1 Bxc3 13. Qxc3 fxe4 14. Qxc7
Qc6 15. Bc4+ Kh8 16. Qe5 Nf5 17. Bd5 Qf6 18. Qxf6 gxf6 19. Bxe4 d6 20. Bc3 Be6
21. Bxf5 Bxf5 22. Rxd6 Rae8 23. Rxf6 Rxf6 24. Bxf6+ Kg8 25. Bd4 Re2 26. Rc1 Be4
27. g3 b6 28. b4 Kf7 29. Kb2 Ke6 30. Be3 Bd5 31. Kc3 Be4 32. Kb3 Ke5 33. c4 Ke6
34. a3 Kd6 35. c5+ bxc5 36. Bxc5+ Ke6 37. Bxa7 Bd5+ 38. Ka4 Rb2 39. Ka5 Rb3 40.
a4 Ra3 41. Kb5 Bf3 42. Re1+ Kd7 43. Bc5 h5 44. a5 Bc6+ 45. Kb6 Bf3 46. b5 Rb3
47. a6 Rb2 48. a7 Ra2 49. Re3 Ba8 50. Re7+ Kd8 51. Rb7 1-0

[Event "Druzynowe Mistrzostwa Polski Juniorow - Ekstraliga 2021"]
[Site "Lublin"]
[Date "1899-12-30"]
[Round "1.19"]
[White "Luberanski, Jakub"]
[Black "Karolczuk, Iwo"]
[Result "1/2-1/2"]
[WhiteTitle "FM"]
[BlackTitle "k"]
[WhiteElo "2306"]
[BlackElo "2074"]

1. d4 Nf6 2. c4 g6 3. Nc3 Bg7 4. e4 O-O 5. Nf3 d6 6. Be2 e5 7. O-O exd4 8. Nxd4
Re8 9. f3 c6 10. Nc2 Na6 11. Be3 d5 12. cxd5 cxd5 13. Bb5 Bd7 14. Bxa6 bxa6 15.
Nxd5 Nxd5 16. Qxd5 Be6 17. Qxd8 Rexd8 18. Rfd1 Bxb2 19. Rxd8+ Rxd8 20. Rb1 Bc3
21. a3 a5 22. Bxa7 Ba2 23. Rb8 Rxb8 24. Bxb8 Bb3 25. Ne3 Bd4 26. Kf2 Bc5 27. a4
Bb6 28. Ke2 Bxa4 29. Nc4 Bb5 30. Kd3 Bc5 31. Kc3 Bb4+ 32. Kb3 Be1 33. Ne3 a4+
34. Ka3 Bf2 35. Bf4 Bxe3 36. Bxe3 Bf1 37. g3 Bg2 38. f4 Bxe4 39. Kxa4 Kg7 40.
Kb4 Kf6 41. g4 Bf3 42. Bd4+ Ke6 43. g5 Kf5 1/2-1/2

[Event "Druzynowe Mistrzostwa Polski Juniorow - Ekstraliga 2021"]
[Site "Lublin"]
[Date "1899-12-30"]
[Round "1.20"]
[White "Backiel, Hubert"]
[Black "Czopor, Maciej"]
[Result "0-1"]
[WhiteTitle "I+"]
[BlackTitle "FM"]
[WhiteElo "2010"]
[BlackElo "2279"]

1. e4 c5 2. Nf3 e6 3. d4 cxd4 4. Nxd4 Nc6 5. Nc3 Qc7 6. a3 Nf6 7. Be3 a6 8. f4
d6 9. Qf3 Be7 10. O-O-O O-O 11. Nxc6 bxc6 12. g4 Rb8 13. g5 Nd7 14. h4 d5 15.
h5 Qa5 16. Nb1 f5 17. exf5 Rxf5 18. Bh3 Ne5 19. Qe2 Rxb2 20. fxe5 Bxa3 21. Nxa3
Qxa3 22. Rde1 Rxe5 23. Qf2 d4 24. Bxd4 Rb1+ 25. Kd2 Qb4+ 26. Bc3 Rd5+ 27. Ke2
Qc4+ 28. Kf3 Qxc3+ 29. Re3 Rxh1 30. Rxc3 Rxh3+ 31. Ke4 Rxc3 32. g6 Rc4+ 33. Ke3
Rf5 34. Qh2 Rff4 35. Qg2 h6 36. Qd2 Rce4+ 37. Kd4 0-1

[Event "Druzynowe Mistrzostwa Polski Juniorow - Ekstraliga 2021"]
[Site "Lublin"]
[Date "1899-12-30"]
[Round "1.21"]
[White "Madej, Marek"]
[Black "Paszkowski, Krystian"]
[Result "1-0"]
[WhiteTitle "I"]
[BlackTitle "I+"]
[WhiteElo "1805"]
[BlackElo "1782"]

1. e4 c5 2. Nf3 e6 3. d4 cxd4 4. Nxd4 a6 5. c4 Nf6 6. Nc3 Qc7 7. Qd3 Bb4 8. Be2
O-O 9. O-O Nc6 10. Bg5 Be7 11. Bh4 d6 12. Rac1 Nxd4 13. Qxd4 Bd7 14. Rfd1 Rfd8
15. Kh1 Be8 16. b4 Rac8 17. f4 Qb8 18. a4 Bc6 19. b5 Be8 20. b6 Bc6 21. Bf3 Kf8
22. f5 e5 23. Qf2 Re8 24. Rd2 Ng8 25. Bxe7+ Kxe7 26. Rcd1 Rcd8 27. g4 h6 28. h4
Nf6 29. c5 g5 30. cxd6+ Kd7 31. Qc5 Rc8 32. Qc4 Rf8 33. Kg2 gxh4 34. Qc5 Rfe8
35. Qc4 Rf8 36. Qc5 Rfe8 37. Qe3 Rg8 38. Kh3 Rg5 39. Qc5 Bd5 40. Qc7+ Rxc7 41.
dxc7 Qg8 42. Nxd5 Nxd5 43. Rxd5+ Kc6 44. Rd8 1-0

[Event "Druzynowe Mistrzostwa Polski Juniorow - Ekstraliga 2021"]
[Site "Lublin"]
[Date "1899-12-30"]
[Round "1.22"]
[White "Rekuc, Patryk"]
[Black "Grot, Blazej"]
[Result "0-1"]
[WhiteTitle "II"]
[BlackTitle "CM"]
[WhiteElo "1570"]
[BlackElo "1728"]

1. e4 c5 2. Nf3 e6 3. d4 cxd4 4. Nxd4 Nf6 5. Nc3 d6 6. g4 h6 7. Rg1 Nc6 8. Be3
Bd7 9. Ndb5 Qb8 10. Be2 a6 11. Nd4 Nxd4 12. Qxd4 b5 13. a3 Qb7 14. f4 Rc8 15.
O-O-O a5 16. e5 dxe5 17. fxe5 b4 18. exf6 bxc3 19. b4 Bc5 20. Qxc5 Rxc5 21. Bxc5
gxf6 22. Rd6 O-O 23. Rgd1 Bc6 24. Rd8 Rxd8 25. Rxd8+ Kg7 26. Bf8+ Kg6 27. h4 Bb5
28. Bd1 axb4 29. Bxb4 Qc7 30. Rd4 Qg3 31. h5+ Kh7 32. Rd8 Qe3+ 33. Kb1 Qe1 34.
Ka2 Bc4+ 35. Kb1 Be2 36. Bxc3 Qxc3 37. Bxe2 Qxa3 38. Rd3 Qb4+ 39. Kc1 e5 40. Re3
Qd4 41. Re4 Qxe4 42. Bd3 Qxd3 43. cxd3 Kg7 44. Kd2 f5 45. gxf5 Kf6 46. Ke3 Kxf5
47. Kf3 Ke6 48. d4 exd4 49. Ke4 f5+ 50. Kxd4 Kf6 51. Kd5 Kg5 52. Ke5 f4 53. Kd4
0-1

[Event "Druzynowe Mistrzostwa Polski Juniorow - Ekstraliga 2021"]
[Site "Lublin"]
[Date "1899-12-30"]
[Round "1.23"]
[White "Harazinska, Magdalena"]
[Black "Marcinczyk, Monika"]
[Result "1-0"]
[WhiteTitle "WFM"]
[BlackTitle "WCM"]
[WhiteElo "2034"]
[BlackElo "2090"]

1. d4 Nf6 2. c4 g6 3. Nc3 Bg7 4. e4 d6 5. f4 O-O 6. Nf3 c5 7. d5 e6 8. Be2 exd5
9. cxd5 Re8 10. Qc2 Bd7 11. O-O b5 12. e5 dxe5 13. fxe5 Ng4 14. Nxb5 Qb6 15. Nd6
c4+ 16. Kh1 Rxe5 17. Nxe5 Bxe5 18. Bxg4 Qxd6 19. Qxc4 Bxg4 20. Qxg4 Nd7 21. Bf4
Rb8 22. b3 Rb5 23. Rac1 Rxd5 24. Bh6 Bg7 25. Bxg7 Kxg7 26. Rcd1 Ne5 27. Rxd5 Qxd5
28. Qg5 Qd6 29. Qf4 f6 30. h3 Qb6 31. Rd1 Qa5 32. Qd2 Qb6 33. Qd4 Qa6 34. Rc1
Qxa2 35. Rc7+ Nf7 36. Qd5 Qa1+ 37. Kh2 Qe5+ 38. Qxe5 fxe5 39. Rxa7 Kf6 40. Kg3
h5 41. b4 Nd6 42. Kf3 Ke6 43. Rg7 Kf5 44. Rg8 g5 45. Rf8+ Ke6 46. Ke3 g4 47. h4
Nb5 48. Rh8 Nd4 49. Rxh5 Nc2+ 50. Ke4 Nxb4 51. Rxe5+ 1-0

[Event "Druzynowe Mistrzostwa Polski Juniorow - Ekstraliga 2021"]
[Site "Lublin"]
[Date "1899-12-30"]
[Round "1.24"]
[White "Szczotka, Klara"]
[Black "Smietanska, Wiktoria"]
[Result "1-0"]
[WhiteTitle "k"]
[BlackTitle "CM"]
[WhiteElo "1934"]
[BlackElo "1802"]

1. e4 c6 2. Nf3 d5 3. d3 dxe4 4. dxe4 Qxd1+ 5. Kxd1 Bg4 6. Be2 Nd7 7. Ne1 Bxe2+
8. Kxe2 O-O-O 9. Nd3 e5 10. Be3 Ngf6 11. f3 Bd6 12. a4 Kb8 13. Nd2 Rhe8 14. Rhb1
Nf8 15. Nc4 Bc7 16. b4 b6 17. b5 c5 18. a5 Kb7 19. axb6 axb6 20. Bxc5 Ne6 21.
Be3 Nd4+ 22. Bxd4 Rxd4 23. Ne3 Rdd8 24. Ra4 Ra8 25. Rba1 g6 26. Nb4 Ra5 27. Rxa5
bxa5 28. Na6 Bb6 29. Nc4 Re6 30. Nxa5+ Bxa5 31. Rxa5 Kb6 32. Ra2 Rd6 33. c4 Rd4
34. Rc2 Nd7 35. Rd2 Nf8 36. Rxd4 exd4 37. Kd3 Ne6 38. g3 g5 39. Nb8 Kc5 40. Nd7+
Kd6 41. Nf6 h6 42. Nd5 Kc5 43. f4 gxf4 44. gxf4 Nd8 45. e5 Ne6 46. f5 Ng7 47.
Ne7 h5 48. h4 Ne8 49. Nd5 Ng7 50. e6 Nxf5 51. exf7 Nd6 52. b6 Nxf7 53. b7 Ne5+
54. Ke4 Nc6 55. Ne7 Nb8 56. Nf5 Kxc4 57. Nxd4 Kc5 58. Ne6+ Kc6 59. Ng7 Kxb7 60.
Nxh5 Kc7 61. Nf6 Nd7 62. Kf5 Nf8 63. Ne4 Kd7 64. Kf6 Ke8 65. Nd6+ Kd7 66. Nf5
Ke8 67. Ng7+ Kd7 68. Kf7 Nh7 69. Nf5 Kd8 70. Kg7 Ke8 71. Nd6+ Ke7 72. Kxh7 1-0